000 01125nam a2200217 i 4500
001 10307
003 ES-MaACL
005 20241215063019.0
007 t|
008 010327m19929999sp ||||1| spa d
020 _a84-7848-447-7
080 _a165
100 1 _aBueno, Gustavo,
_d1924-2016
_9160678
245 1 0 _aTeoría del cierre categorial /
_cGustavo Bueno.
260 _aOviedo :
_bPentalfa,
_c[1992]-
300 _a<5> v. ;
_c22 cm.
505 8 _aVol. 1º: Introducción general: siete enfoques en el estudio de la ciencia (Parte I, sección 1) -- Vol. 2º : La Gnoseología como filosofía de la ciencia (Part I, sección 2). Historia de la teoría de la ciencia (Parte I, sección 3) -- Vol. 3º : El sistema de las doctrinas gnoseológicas. Las cuatro familias básicas (Parte II, seción 1) -- Vol. 4º : Descripcionismo (Parte II, sección 2). Teoreticismo (Parte II, sección 3) -- Vol. 5º : Adecuacionismo (Parte II, sección 4). Circularismo (Parte II, sección 5). Glosario.
650 4 _aEpistemología.
_912338
852 _aES-MaACL
_jP-1355 bis
_bR.122499
999 _c10307
_d10307